| 000 | 00600nam a22001817a 4500 | ||
|---|---|---|---|
| 003 | BUBTL | ||
| 008 | 190504b xxu||||| |||| 00| 0 eng d | ||
| 020 | _a984-458-253-9 | ||
| 082 | _a891.444 / FAD | ||
| 100 |
_92317 _aফজল, আবুল |
||
| 245 |
_aদুর্দিনের দিনলিপি / _cআবুল ফজল |
||
| 260 |
_aঢাকা : _bসময় প্রকাশন, _cc2001 |
||
| 300 |
_a143 p. : _c22 cm. |
||
| 650 | 0 |
_91689 _aবাংলা সাহিত্য |
|
| 856 |
_k0 _l0 _yDownload |
||
| 942 |
_2ddc _cBK |
||
| 999 |
_c6017 _d6017 |
||